[Event "10th Parsvnath Open"]
[Site "New Delhi IND"]
[Date "2012.01.19"]
[Round "7.27"]
[White "Akash Pc,I"]
[Black "Vakhidov,J"]
[Result "0-1"]
[WhiteElo "2151"]
[BlackElo "2419"]

1.e4 d5 2.exd5 Qxd5 3.Nc3 Qd6 4.d4 Nf6 5.Nf3 g6 6.g3 Bg7 7.Bg2 c6 8.O-O O-O
9.a3 Na6 10.Bf4 Qd8 11.Qe2 Nc7 12.Rad1 Re8 13.Rfe1 Bf5 14.Ne5 Qc8 15.Nc4 Bg4
16.Bf3 Bxf3 17.Qxf3 Ne6 18.Ne5 Nd7 19.Ne2 Nxe5 20.Bxe5 Ng5 21.Qd3 Qg4 22.Kg2 Rad8
23.Bxg7 Kxg7 24.h4 Ne6 25.Qf3 Qxf3+ 26.Kxf3 Rd5 27.Rd2 Red8 28.Red1 c5 29.Ke3 Rc8
30.dxc5 Rdxc5 31.c3 Re5+ 32.Kf3 Rb5 33.b4 a5 34.Rd5 Nc7 35.Rxb5 Nxb5 36.Rd5 Nxc3
37.Rxa5 b6 38.Ra7 Nd5 39.Ke4 e6 40.Nf4 Nf6+ 41.Kf3 Kf8 42.Nd3 Nd5 43.a4 Rc3
44.Ke2 Rc2+ 45.Kf3 Rc3 46.Ke2 Rb3 47.a5 Nxb4 48.Nxb4 Rxb4 49.axb6 Rxb6 50.Kf3 Kg7
51.Rc7 Kf6 52.Ra7 Rb3+ 53.Kg2 Rd3 54.Rb7 e5 55.Rb6+ Ke7 56.h5 Rd6 57.Rb7+ Ke6
58.hxg6 hxg6 59.Kf3 Rd7 60.Rb6+ Kf5 61.Rb5 Ra7 62.Rc5 Ra3+ 63.Ke2 f6 64.Rc6 Ra5
65.Rb6 Kg5 66.Ke3 Ra3+ 67.Ke2 e4 68.Re6 f5 69.Rb6 Kh5 70.Rf6 Ra5 71.Rb6 g5
72.Rb4 Kg4 73.Rb3 Kh3 74.Rb8 Kg2 75.Rg8 g4 76.Rh8 Ra2+  0-1

[Event "10th Parsvnath Open"]
[Site "New Delhi IND"]
[Date "2012.01.20"]
[Round "8.27"]
[White "Karthikeyan,M2"]
[Black "Bitoon,R"]
[Result "1-0"]
[WhiteElo "2225"]
[BlackElo "2515"]

1.e4 d5 2.exd5 Qxd5 3.Nc3 Qd6 4.d4 Nf6 5.Nf3 a6 6.Be2 Bg4 7.Be3 Nc6 8.Qd2 e6
9.O-O-O Be7 10.Bf4 Qd7 11.Ne5 Nxe5 12.dxe5 Qxd2+ 13.Rxd2 Nh5 14.Be3 Bxe2
15.Rxe2 f5 16.exf6 gxf6 17.g4 Ng7 18.Bh6 Rg8 19.Nd5 exd5 20.Rhe1 O-O-O 21.Rxe7 Rd7
22.f4 Kd8 23.R7e2 c6 24.f5 Ne8 25.Re6 Rf7 26.Bd2 Kd7 27.Bc3 Nd6 28.Bxf6 Rxg4
29.Re7+ Rxe7 30.Rxe7+ Kc8 31.b3 h5 32.Be5 Nxf5 33.Rc7+ Kd8 34.Rxb7 Re4 35.Bf6+ Kc8
36.Rh7 h4 37.Rh5 Rf4 38.Be5 Rf2 39.Rh8+ Kd7 40.Rf8 Ke6 41.Bc3 c5 42.Rf6+ Ke7
43.Be5 a5 44.Kb2 d4 45.Ka3 Re2 46.Rxf5 Ke6 47.Rh5 Rxe5 48.Rxe5+ Kxe5 49.Ka4 Ke4
50.Kxa5  1-0

[Event "74th Tata Steel GMB"]
[Site "Wijk aan Zee NED"]
[Date "2012.01.20"]
[Round "6"]
[White "Vocaturo,D"]
[Black "Tiviakov,S"]
[Result "1/2-1/2"]
[WhiteElo "2545"]
[BlackElo "2677"]

1.e4 d5 2.exd5 Qxd5 3.Nc3 Qd6 4.d4 Nf6 5.Nf3 g6 6.Nb5 Qd8 7.Bf4 Na6 8.c4 Bg7
9.Be2 O-O 10.O-O Bf5 11.Qb3 c6 12.Nc3 Qb6 13.Qxb6 axb6 14.a3 Rfd8 15.h3 Be4
16.Rfd1 h6 17.Rac1 g5 18.Bg3 Bf5 19.Na4 Nd7 20.Kf1 Rdc8 21.h4 g4 22.Ne5 Bxe5
23.dxe5 Nac5 24.Nxc5 Nxc5 25.h5 Rd8 26.Rxd8+ Rxd8 27.Bf4 Nd3 28.Rd1 Kg7 29.Be3 c5
30.Bd2 Re8 31.Bxh6+ Kxh6 32.Bxd3 Be6 33.Ke2 Kxh5 34.Ke3 Kh6 35.Rh1+ Kg7 36.Rh7+ Kg8
37.Rh5 Rd8 38.Bf5 Bxf5 39.Rxf5 Rd1 40.b4 Ra1 41.bxc5 bxc5 42.e6 Rxa3+ 43.Kf4 fxe6
44.Rxc5 g3 45.f3 Kf7 46.Kxg3 Rc3 47.Kf4 Kf6 48.Ke4 b5 49.Kd4 Rxc4+ 50.Rxc4 e5+
51.Kd3 bxc4+ 52.Kxc4 Kf5 53.Kd5 e6+ 54.Kd6 e4 55.g4+ Kf4 56.fxe4 Kxe4 57.Kxe6 Kf4
58.g5  1/2-1/2

[Event "ch-Paracin 2012"]
[Site "Paracin SRB"]
[Date "2012.01.21"]
[Round "3.4"]
[White "Brankovic,De"]
[Black "Zajic,Milan"]
[Result "1/2-1/2"]
[WhiteElo "2350"]
[BlackElo "2142"]

1.e4 d5 2.exd5 Qxd5 3.Nc3 Qd6 4.d4 Nf6 5.Nf3 c6 6.Ne5 Nbd7 7.Nc4 Qc7 8.Qf3 Nb6
9.h3 Be6 10.Bf4 Qd7 11.Nxb6 axb6 12.Be5 Nd5 13.a3 Nxc3 14.Qxc3 Bd5 15.Qe3  1/2-1/2

[Event "TCh-LTU 2012"]
[Site "Lithuania LTU"]
[Date "2012.01.22"]
[Round "2"]
[White "Kalvaitis,S"]
[Black "Malisauskas,V"]
[Result "1-0"]
[WhiteElo "2252"]
[BlackElo "2462"]

1.e4 d5 2.exd5 Qxd5 3.Nc3 Qd6 4.d4 Nf6 5.Nf3 c6 6.g3 Qe6+ 7.Qe2 Qxe2+ 8.Nxe2 Bf5
9.c3 e6 10.Bg2 Bd6 11.Bf4 Bxf4 12.Nxf4 Nd5 13.Nxd5 cxd5 14.c4 Be4 15.cxd5 Bxd5
16.O-O Nc6 17.Rfd1 O-O-O 18.Ne5 Nxe5 19.dxe5 Bxg2 20.Kxg2 Rxd1 21.Rxd1 Rd8
22.Rxd8+ Kxd8 23.g4 Kd7 24.f4 Kc6 25.Kf3 Kd5 26.h4 Kd4 27.h5 b5 28.b4 Kc4
29.f5 Kd4 30.Kf4 Kd5 31.f6 g6 32.Kg5 Kxe5 33.Kh6 Kxf6 34.Kxh7 e5 35.h6 e4
36.Kg8 Kg5 37.h7 Kxg4 38.Kxf7  1-0

[Event "11th Marienbad Open"]
[Site "Marianske Lazne CZE"]
[Date "2012.01.22"]
[Round "2"]
[White "Bielczyk,J"]
[Black "Christensen,He1"]
[Result "1-0"]
[WhiteElo "2296"]
[BlackElo "2031"]

1.e4 d5 2.exd5 Qxd5 3.Nc3 Qd6 4.d4 Nf6 5.Nf3 Bg4 6.h3 Bh5 7.g4 Bg6 8.Ne5 c6
9.Bf4 Nd5 10.Qd2 Nxf4 11.Qxf4 f6 12.Nxg6 hxg6 13.Qe4 Rh6 14.d5 Nd7 15.Bg2 c5
16.O-O-O a6 17.Rhe1 g5 18.Kb1 O-O-O 19.Qe2 g6 20.Ne4 Qf4 21.Rd3 Ne5 22.Rc3 e6
23.Nxc5 Bxc5 24.Rxc5+ Kb8 25.dxe6 Rd2 26.Qe4 Qxe4 27.Bxe4 Rxh3 28.e7 Rh8
29.Rxe5 fxe5 30.Bxg6 Rxf2 31.b3 Kc7 32.Rxe5 Kd6 33.e8=Q  1-0

[Event "10th Parsvnath Open"]
[Site "New Delhi IND"]
[Date "2012.01.23"]
[Round "11.30"]
[White "Akash Pc,I"]
[Black "Danielsen,Hen"]
[Result "1/2-1/2"]
[WhiteElo "2151"]
[BlackElo "2536"]

1.e4 d5 2.exd5 Qxd5 3.Nc3 Qd6 4.d4 Nf6 5.Nf3 c6 6.g3 Bf5 7.Bg2 e6 8.O-O Be7
9.Bf4 Qd8 10.Qe2 O-O 11.Rad1 Qb6 12.Bc1 Qa6 13.Qd2 Bb4 14.Nh4 Ne4 15.Qe3 Nd6
16.Nxf5 Nxf5 17.Qd3 Qxd3 18.Rxd3 Nd7 19.Ne4 a5 20.Bh3 Rfe8 21.c3 Bf8 22.Bxf5 exf5
23.Nd2 b5 24.Nf3 Nb6 25.Re1 Rxe1+ 26.Nxe1 a4 27.Nc2 g6 28.Kf1 f6 29.Ke2 Kf7
30.Ne3 Bh6 31.f4 Ke6 32.b3 axb3 33.axb3  1/2-1/2

[Event "11th Marienbad Open"]
[Site "Marianske Lazne CZE"]
[Date "2012.01.25"]
[Round "6"]
[White "Toman,Jar"]
[Black "Christensen,He1"]
[Result "1-0"]
[WhiteElo "2191"]
[BlackElo "2031"]

1.e4 d5 2.exd5 Qxd5 3.Nc3 Qd6 4.d4 Nf6 5.Nf3 Bg4 6.h3 Bh5 7.g4 Bg6 8.Ne5 c6
9.Bf4 Qb4 10.Nc4 e6 11.Bd6 Bxd6 12.a3 Qxc3+ 13.bxc3 Bc7 14.Rb1 b5 15.Ne5 Ne4
16.Qf3 Ba5 17.Nxg6 Nxc3 18.Rb4  1-0

[Event "12th ch-CRO"]
[Site "Opatija CRO"]
[Date "2012.01.25"]
[Round "9.6"]
[White "Palac,M"]
[Black "Stevic,H"]
[Result "1-0"]
[WhiteElo "2572"]
[BlackElo "2624"]

1.e4 d5 2.exd5 Qxd5 3.Nc3 Qd6 4.d4 Nf6 5.Nf3 g6 6.Bc4 Bg7 7.O-O O-O 8.h3 b6
9.Nb5 Qd8 10.Bf4 Na6 11.Qe2 c6 12.Nc3 Nb4 13.Rfe1 a5 14.a3 Nbd5 15.Bxd5 Nxd5
16.Nxd5 Qxd5 17.Qxe7 Bxh3 18.c4 Qh5 19.Ne5 Be6 20.Qc7 b5 21.Nxc6 Bxc4 22.Be5 f6
23.Bd6 Rf7 24.Ne7+ Kh8 25.Qc6 Rd8 26.Re3 Qg4 27.Bc5 Qd7 28.Qxd7 Rxd7 29.b3 Rfxe7
30.Rxe7 Rxe7 31.Bxe7 Bxb3 32.Rc1 Kg8 33.Rc7 h5 34.Rb7 Bc4 35.d5 Bh6 36.d6 Kf7
37.Bd8+  1-0

[Event "ch-Belgrade w 2012"]
[Site "Belgrade SRB"]
[Date "2012.01.28"]
[Round "7.2"]
[White "Zarkovic,M"]
[Black "Djukic,Sa"]
[Result "0-1"]
[WhiteElo "1970"]
[BlackElo "2197"]

1.e4 d5 2.exd5 Qxd5 3.Nc3 Qd8 4.d4 c6 5.Nf3 Nf6 6.Bc4 e6 7.O-O Nbd7 8.Re1 Be7
9.Bg5 h6 10.Be3 b5 11.Bb3 Bb7 12.Qe2 a5 13.Bf4 a4 14.Bxe6 fxe6 15.Qxe6 Nf8
16.Qf5 Kf7 17.Ne5+ Kg8 18.Re3 Qc8 19.Qd3 b4 20.Ne4 Nd5 21.Rf3 Ba6 22.Qd2 Ne6
23.Bg3 Bg5 24.Nxg5 Nxg5 25.Ng6 Nxf3+ 26.gxf3 Qf5 27.Nxh8 Kxh8 28.a3 Qxf3  0-1

[Event "TCh-CAT 2012"]
[Site "Catalunya ESP"]
[Date "2012.01.28"]
[Round "1.4"]
[White "Vives Esmerat,J"]
[Black "Grafl,F"]
[Result "0-1"]
[WhiteElo "2302"]
[BlackElo "2391"]

1.e4 d5 2.exd5 Qxd5 3.Nc3 Qd6 4.Bc4 Nf6 5.d4 a6 6.Nf3 b5 7.Bd3 Bb7 8.O-O e6
9.Ne5 c5 10.Be3 cxd4 11.Bxd4 Nc6 12.Bxb5 axb5 13.Nxb5 Qd8 14.Qf3 Qc8 15.Qf4 Nxd4
16.Qxd4 Bc5 17.Nd6+ Bxd6 18.Qxd6 Nd7 19.Rfd1 Nxe5 20.Qxe5 O-O 21.Rd3 Qxc2
22.Rg3 g6 23.h4 Rxa2  0-1

[Event "Moscow Open F 2012"]
[Site "Moscow RUS"]
[Date "2012.01.28"]
[Round "1.5"]
[White "Matsenko,S"]
[Black "Grebennikova,T"]
[Result "1-0"]
[WhiteElo "2460"]
[BlackElo "2010"]

1.e4 d5 2.exd5 Qxd5 3.Nc3 Qd6 4.d4 c6 5.Nf3 Nf6 6.h3 Bf5 7.Bc4 e6 8.O-O Nbd7
9.Re1 Be7 10.Ne2 O-O 11.Bf4 Qb4 12.Bb3 Qb6 13.c4 Bb4 14.Nc3 Rac8 15.Nh4 Bg6
16.Nxg6 hxg6 17.Re3 Rfd8 18.Rd3 Bxc3 19.bxc3 Qa5 20.c5 Nd5 21.Bg5 Re8 22.Qf3 b6
23.cxb6 axb6 24.Bd2 Qa6 25.Re1 N5f6 26.Bg5 Qa5 27.Bh4 Nd5 28.Bg3 N5f6 29.Bh4 Nd5
30.Bg3 N5f6 31.Be5 Nd5 32.Bd6 N5f6 33.Rdd1 Qf5 34.Qe2 Nd5 35.Qd2 N5f6 36.Qe2 Nd5
37.Qd2 N5f6 38.Bh2 Ne4 39.Qb2 Nef6 40.Bc4 Qa5 41.Qb3 Nd5 42.Rc1 Red8 43.Bg3 b5
44.Bd3 N7b6 45.Re2 Ra8 46.Rec2 Qa3 47.Bf1 Qxb3 48.axb3 Rd7 49.Rd2 Nf6 50.f3 Ra3
51.Rb2 Ra8 52.Bf2 Nbd5 53.c4 bxc4 54.bxc4 Ne7 55.Rb6 Rc8 56.g4 Rcc7 57.Rcb1 Rc8
58.Ra1 Ne8 59.h4 f6 60.Kg2 Nd6 61.Raa6 Ne8 62.Kg3 Kf7 63.Be2 Nc7 64.Ra7 Ra8
65.Rxa8 Nxa8 66.Rb8 Nc7 67.Be3 Ne8 68.Kf2 Nd6 69.Bd2 Ne8 70.Bb4 Nd6 71.Ke3 Ndc8
72.Bc5 Nd6 73.Bd3 Nb7 74.Bb4 Nd6 75.Ra8 f5 76.g5 Ne8 77.Bc5 Nd6 78.Rb8 Nb7
79.Bb4 Nd6 80.Kd2 Ne8 81.Kc3 Nd6 82.Bc2 Ne8 83.Bc5 Nc7 84.Ba3 Ne8 85.Ba4 Nd6
86.Bc5 f4 87.Bc2 Ndf5 88.Bxf5 exf5 89.Kb4 Ke6 90.Re8 Kf7 91.Rxe7+ Rxe7 92.Bxe7 Kxe7
93.Kc5 Kd7 94.Kb6 Kd6 95.Kb7  1-0

[Event "17th HIT Open A"]
[Site "Nova Gorica SLO"]
[Date "2012.01.28"]
[Round "2"]
[White "Feltrin,Kris"]
[Black "Unuk,Laura"]
[Result "1-0"]
[WhiteElo "1644"]
[BlackElo "1845"]

1.e4 d5 2.exd5 Qxd5 3.Nc3 Qd6 4.Nf3 Nf6 5.h3 c6 6.d4 Bf5 7.Bd3 Bxd3 8.Qxd3 Nbd7
9.O-O e6 10.Re1 Be7 11.Bg5 O-O 12.Rad1 Rfd8 13.a3 Nf8 14.Ne4 Nxe4 15.Bxe7 Nxf2
16.Bxd6 Nxd3 17.Rxd3 Rxd6 18.c4 c5 19.Red1 Rad8 20.R3d2 cxd4 21.Rxd4 Rxd4
22.Rxd4 Rxd4 23.Nxd4 Nd7 24.Kf1 Ne5 25.c5 a6 26.b4 Kf8 27.Ke2 Ke8 28.a4 Kd7
29.b5 Kc7 30.g4 Nc4 31.Kf3 Nb2 32.b6+ Kd7 33.a5 Nc4 34.Nb3 Kc6 35.Ke4 Kb5
36.Kd4 Nxa5 37.Nxa5 Kxa5 38.Ke5 Kb5 39.Kd6 a5 40.c6 e5 41.cxb7 e4 42.b8=Q a4
43.b7 Kc4 44.Qa7  1-0

[Event "ch-Belgrade 2012"]
[Site "Belgrade SRB"]
[Date "2012.01.29"]
[Round "8.9"]
[White "Govedarica,R"]
[Black "Dunjic,D"]
[Result "1-0"]
[WhiteElo "2394"]
[BlackElo "2122"]

1.e4 d5 2.exd5 Qxd5 3.Nc3 Qd6 4.d4 Nf6 5.Nf3 Bg4 6.h3 Bxf3 7.Qxf3 c6 8.Be3 e6
9.O-O-O Nbd7 10.g4 h6 11.Bg2 Qb4 12.a3 Qa5 13.Bd2 Qc7 14.h4 Nb6 15.Bf4 Qd7
16.Be5 Nbd5  1-0

[Event "TCh-HUN 2011-12"]
[Site "Decs HUN"]
[Date "2012.01.29"]
[Round "5"]
[White "Gara,A"]
[Black "Papp,T1"]
[Result "1/2-1/2"]
[WhiteElo "2340"]
[BlackElo "2291"]

1.e4 d5 2.exd5 Qxd5 3.Nc3 Qd6 4.d4 Nf6 5.Nf3 c6 6.Ne5 Nbd7 7.Nc4 Qc7 8.Qf3 Nb6
9.Bf4 Qd8 10.Be5 Bg4 11.Qf4 Be6 12.Nxb6 Qxb6 13.O-O-O O-O-O 14.Be2 Rg8 15.h4 g6
16.Kb1 Qa5 17.Bf3 Bg7 18.Rhe1 Rd7 19.Bxf6 Bxf6 20.Rxe6 fxe6 21.Bg4 Rd6 22.Ne4 Rgd8
23.Nxd6+ Rxd6 24.c3 Kc7 25.Bxe6 Qh5 26.Re1 Qxh4 27.Qf3 Qg5 28.g3 Rd8 29.Qe2 Qh6
30.a3 Kb8 31.Rd1 Qg5 32.Qe4 Rd6 33.Rh1 h5 34.Bf7 Qd2 35.Bxg6 Qxf2 36.Bxh5 Qxg3
37.Bg4 a6 38.Qf5 Ka7 39.Ka2 Rd5 40.Qf3  1/2-1/2

[Event "TCh-BEL 2011-12"]
[Site "Eupen BEL"]
[Date "2012.01.29"]
[Round "7.5"]
[White "Glek,I"]
[Black "Fridman,Ra"]
[Result "1/2-1/2"]
[WhiteElo "2408"]
[BlackElo "2507"]

1.e4 d5 2.exd5 Qxd5 3.Nc3 Qd8 4.d4 Nf6 5.Bg5 Bf5 6.Qd2 c6 7.Nge2 e6 8.h3 h6
9.Be3 Nbd7 10.g4 Ne4 11.Nxe4 Bxe4 12.Rg1 Nf6 13.Ng3 Bh7 14.c4 Bd6 15.f4 Ne4
16.Nxe4 Bxe4 17.O-O-O Qc7 18.Bg2 Bxg2 19.Rxg2 O-O-O 20.Rf2 h5 21.Kb1 hxg4
22.hxg4 c5 23.d5 exd5 24.Qxd5 Rhe8 25.Qf5+ Qd7 26.Qxd7+ Rxd7 27.Bc1 Bc7 28.Rxd7 Kxd7
29.Kc2 Re1 30.Bd2  1/2-1/2

[Event "ch-TUR w 2012"]
[Site "Kemer TUR"]
[Date "2012.01.29"]
[Round "1"]
[White "Cemhan,K"]
[Black "Ayan,Bengu Sena"]
[Result "1/2-1/2"]
[WhiteElo "1952"]
[BlackElo "1398"]

1.e4 d5 2.exd5 Qxd5 3.Nc3 Qd6 4.d4 Nf6 5.Nf3 Bg4 6.h3 Bxf3 7.Qxf3 c6 8.Be3 e6
9.O-O-O Qc7 10.Kb1 Bd6 11.Bd3 Nbd7 12.g4 h6 13.h4 Rf8 14.g5 hxg5 15.hxg5 Nd5
16.Nxd5 cxd5 17.Rh7 g6 18.Rdh1 Nb6 19.Bb5+ Nd7 20.Rg7 a6 21.Bd3 Nb6 22.Rhh7 Rd8
23.Rxg6 Rd7 24.Rf6 Nc4 25.g6 Nxe3 26.fxe3 Qa5 27.c3 fxg6 28.Bxg6+ Kd8 29.Rxf8+ Bxf8
30.Qxf8+  1/2-1/2

[Event "ch-TUR 2012"]
[Site "Kemer TUR"]
[Date "2012.01.29"]
[Round "1"]
[White "Yilmazyerli,M"]
[Black "Tahaoglu,Erson"]
[Result "1-0"]
[WhiteElo "2314"]
[BlackElo "1718"]

1.e4 d5 2.exd5 Qxd5 3.Nc3 Qd6 4.d4 c6 5.Nf3 Bg4 6.Be2 Nf6 7.h3 Bh5 8.g4 Bg6
9.Ne5 e6 10.Bf4 Qb4 11.Qd2 Be7 12.Nc4 Bf8 13.a3 Qe7 14.Nd6+ Kd8 15.O-O-O Qd7
16.Nc4 Nd5 17.Ne5 Qc8 18.Bd3 Ke8 19.Bg3 Qd8 20.Nxd5 Qxd5 21.Bc4 Qd8 22.f4 Nd7
23.f5 Nxe5 24.Bxe5 f6 25.Bg3 Bf7 26.fxe6 Bg8 27.d5 Bd6 28.Qh2 Bxg3 29.Qxg3 Qb6
30.d6 Qc5 31.d7+ Ke7 32.d8=Q+  1-0

[Event "TCh-HUN 2011-12"]
[Site "Mako HUN"]
[Date "2012.01.29"]
[Round "5"]
[White "Torok,S"]
[Black "Saric,S"]
[Result "0-1"]
[WhiteElo "2319"]
[BlackElo "2473"]

1.e4 d5 2.exd5 Qxd5 3.Nc3 Qd6 4.d4 Nf6 5.Bc4 a6 6.Nf3 b5 7.Bb3 Bb7 8.O-O e6
9.Re1 c5 10.dxc5 Qxd1 11.Rxd1 Bxc5 12.Be3 Bxe3 13.fxe3 Nbd7 14.a3 Ke7 15.Na2 Nc5
16.Nb4 Ng4 17.Re1 Rhd8 18.Nd4 Rac8 19.c3 a5 20.Bd1 Ne5 21.Na2 Ncd3 22.Re2 Nc4
23.Rb1 e5 24.Nxb5 Ndxb2 25.Bb3 a4 26.Bxc4 Nxc4 27.Na7 Rc7 28.Rxb7 Rd1+ 29.Kf2 Rxb7
30.Nb4 Kd7 31.Nac6 Rb6 32.Na7 Kc7  0-1

[Event "Moscow Open 2012 A"]
[Site "Moscow RUS"]
[Date "2012.01.29"]
[Round "2.28"]
[White "Lu Shanglei"]
[Black "Prokopchuk,Y"]
[Result "1-0"]
[WhiteElo "2516"]
[BlackElo "2331"]

1.e4 d5 2.exd5 Qxd5 3.Nc3 Qd6 4.d4 Nf6 5.Nf3 c6 6.Ne5 Nbd7 7.Nc4 Qc7 8.Qf3 Nb6
9.Ne5 Qd6 10.Be3 Be6 11.a3 Nbd5 12.Bd3 g6 13.Bg5 Bg7 14.Ne2 O-O 15.c4 Nc7
16.Bd2 Nd7 17.Nxd7 Qxd7 18.h3 Rac8 19.Bc3 b5 20.b3 bxc4 21.bxc4 Ne8 22.Rc1 Nd6
23.Bb4 Nf5 24.Bxf5 Bxf5 25.O-O Rfe8 26.Rfd1 Qc7 27.Ng3 e6 28.Bc5 h5 29.d5 cxd5
30.cxd5 Qa5 31.Nxf5 exf5 32.Bb4 Qb5 33.d6 Qd7 34.Rxc8 Rxc8 35.Qe2 Bf6 36.Ba5 Bd8
37.Bxd8 Rxd8 38.h4 Qc6 39.Qd3 Rd7 40.Qd4 Qe4 41.Qf6 Qe6 42.Qb2 Kh7 43.Qb4 Kg7
44.a4 Qe4 45.Rd4 Qc6 46.a5 Qc1+ 47.Kh2 Qc2 48.Rd2 Qe4 49.Qb2+ Kh7 50.g3 Qc6
51.Qe5 Qe4 52.Qb5 Qe6 53.Qc6 f4 54.a6 fxg3+ 55.fxg3 Kg7 56.Qc5 Kh7 57.Qd4 Qg4
58.Kg2 Qxd4 59.Rxd4 Kg7 60.Kf3 Kf6 61.Kf4 Ke6 62.Kg5 Ke5 63.Rd2 Ke4 64.Kf6 Kf3
65.Rd3+ Kg4 66.Ke5 g5 67.hxg5 Kxg5 68.Kd5  1-0

[Event "Moscow Open 2012 A"]
[Site "Moscow RUS"]
[Date "2012.01.29"]
[Round "2.65"]
[White "Rakhimgaliyev,Y"]
[Black "Pridorozhni,A"]
[Result "0-1"]
[WhiteElo "2306"]
[BlackElo "2555"]

1.e4 d5 2.exd5 Qxd5 3.Nc3 Qd6 4.d4 Nf6 5.Nf3 a6 6.Be3 Nc6 7.Qd2 Bg4 8.Be2 e6
9.O-O-O Be7 10.h3 Bf5 11.g4 Ne4 12.Qe1 Nxc3 13.Qxc3 Nb4 14.Kd2 Bxc2 15.Rc1 Be4
16.Qxc7 Qxc7 17.Rxc7 Bc6 18.Rc1 Bd6 19.R1xc6 bxc6 20.Rb7 O-O 21.Rd7 Rfd8
22.Rxd8+ Rxd8 23.a3 Nd5 24.Bxa6 Ra8 25.Bf1 Kf8 26.Kd3 Ke7 27.Bc1 f6 28.b4 g5
29.Kc4 Nxb4 30.Ne5 Nd5 31.Nxc6+ Kd7  0-1

[Event "Gibraltar Open"]
[Site "Caleta ENG"]
[Date "2012.01.30"]
[Round "7.122"]
[White "Patola,E"]
[Black "Rough,R"]
[Result "1-0"]
[WhiteElo "1939"]
[BlackElo "1762"]

1.e4 d5 2.exd5 Qxd5 3.Nc3 Qd6 4.d4 Nf6 5.Bc4 c6 6.Nf3 Bf5 7.Ne5 e6 8.Bf4 Qb4
9.Bb3 Be7 10.a3 Qa5 11.Bd2 Qd8 12.Be3 O-O 13.g4 Bg6 14.h4 Nd5 15.Nxd5 exd5
16.h5 Be4 17.f3 f6 18.Nxc6 Nxc6 19.fxe4 Kh8 20.Bxd5 Bd6 21.Rg1 Re8 22.Qd3 Qa5+
23.c3 Rac8 24.g5 fxg5 25.Rxg5 Qc7 26.O-O-O Bf4 27.Rf5 Bxe3+ 28.Qxe3 Ne7 29.Re5 Nxd5
30.Rxd5 Qf7 31.Re1  1-0

[Event "Moscow Open Women 2012"]
[Site "Moscow RUS"]
[Date "2012.01.30"]
[Round "3.43"]
[White "Trapeznikova,D"]
[Black "Butneva,L"]
[Result "1-0"]
[WhiteElo "2088"]
[BlackElo "1832"]

1.e4 d5 2.exd5 Qxd5 3.Nc3 Qd6 4.d4 Nf6 5.Nf3 Bg4 6.h3 Bxf3 7.Qxf3 Nc6 8.Bb5 e6
9.Bf4 Qd7 10.O-O-O a6 11.Bxc6 bxc6 12.Be5 Be7 13.Qg3 O-O 14.Bxc7 Nd5 15.Be5 f6
16.Bf4 Nxf4 17.Qxf4 Bd6 18.Qe3 Rab8 19.Rhe1 Rfe8 20.Ne4 Qb7 21.b3 Ba3+ 22.Kb1 a5
23.Qg3 Qe7 24.Nc3 Bb4 25.d5 e5 26.dxc6 Qc5 27.Ne4 Qxc6 28.Re2 Red8 29.Rd3 Kf7
30.Qf3 Kg8 31.c3 Be7 32.Red2 Rxd3 33.Rxd3 Qe6 34.Nd2 a4 35.Qd5 Kf7 36.Qxe6+ Kxe6
37.Kc2 axb3+ 38.axb3 f5 39.f3 Ra8 40.Kb2 Ba3+ 41.Kb1 Rb8 42.Kc2 Rc8 43.Nc4 Bc5
44.Nd2 g5 45.Kb2 h6 46.b4 Ba7 47.Kb3 Bf2 48.g4 f4 49.Ne4 Be3 50.Rd6+ Ke7
51.Rxh6 Kd7 52.c4  1-0

[Event "17th HIT Open A"]
[Site "Nova Gorica SLO"]
[Date "2012.01.30"]
[Round "6"]
[White "Vodopivec,V"]
[Black "Hrescak,Ivana"]
[Result "1-0"]
[WhiteElo "1980"]
[BlackElo "1606"]

1.e4 d5 2.exd5 Qxd5 3.Nc3 Qd6 4.d4 Nf6 5.Nf3 c6 6.Bc4 Bf5 7.Be3 e6 8.h3 Qc7
9.a3 Nbd7 10.Qe2 Bd6 11.O-O O-O 12.Nh4 Bg6 13.Nxg6 hxg6 14.Bb3 Nb6 15.Qf3 Nbd5
16.Bd2 Nxc3 17.Bxc3 Nd5 18.Bd2 Bf4 19.Be1 Bd6 20.g3 Qb6 21.c4 Qxd4 22.cxd5 cxd5
23.Bc3 Qb6 24.Qd1 Rac8 25.Bd4 Qa6 26.Re1 b6 27.Rc1 Rxc1 28.Qxc1 Rc8 29.Qe3 Qb7
30.Bd1 Qc6 31.Be2 Bc5 32.Rc1 Qd6 33.b4  1-0

[Event "Gibraltar Open"]
[Site "Caleta ENG"]
[Date "2012.01.31"]
[Round "8.91"]
[White "Leimeister,W"]
[Black "Samu,S"]
[Result "0-1"]
[WhiteElo "1918"]
[BlackElo "2156"]

1.e4 d5 2.exd5 Qxd5 3.Nc3 Qd6 4.d4 Nf6 5.Be2 c6 6.Bf3 Nbd7 7.Nge2 e6 8.Bf4 Qb4
9.Rb1 Be7 10.O-O O-O 11.Re1 Qa5 12.Qd2 Qd8 13.Rbd1 Nb6 14.Qd3 Nbd5 15.Be5 Qb6
16.Nxd5 cxd5 17.Qb3 Qc6 18.Rc1 b5 19.Nf4 Bb7 20.Be2 a6 21.Qg3 g6 22.Qg5 Ne4
23.Qxe7 f6 24.Qxe6+ Rf7 25.Nxd5 Qxe6  0-1

[Event "Moscow Open 2012 A"]
[Site "Moscow RUS"]
[Date "2012.01.31"]
[Round "4.22"]
[White "Krapivin,A"]
[Black "Kovalenko,I"]
[Result "1-0"]
[WhiteElo "2445"]
[BlackElo "2587"]

1.e4 d5 2.exd5 Qxd5 3.Nc3 Qd6 4.Nf3 Nf6 5.Be2 a6 6.d3 Nc6 7.Ne4 Nxe4 8.dxe4 e5
9.c3 Qg6 10.O-O Be7 11.Qc2 Bh3 12.Ne1 Bc5 13.Kh1 Be6 14.f4 exf4 15.Bxf4 O-O-O
16.Nf3 Rhe8 17.b4 Ba7 18.Rae1 Bg4 19.Nh4 Qe6 20.Bxg4 Qxg4 21.Nf5 Ne5 22.h3 Qg6
23.Bxe5 Rxe5 24.c4 Qg5 25.Rd1 g6 26.Rxd8+ Qxd8 27.Nh6 Qe7 28.Nxf7 Rxe4 29.c5 Re1
30.Qf2 Rxf1+ 31.Qxf1 Bb8 32.c6 Ba7 33.Ne5 Qd6 34.Qe2 Qe6 35.b5 Bd4 36.cxb7+ Kxb7
37.Qe4+ Kb6 38.Qxd4+ Kxb5 39.Nd3 Qd6 40.a4+  1-0

[Event "Moscow Open 2012 A"]
[Site "Moscow RUS"]
[Date "2012.01.31"]
[Round "4.54"]
[White "Loskutov,O"]
[Black "Prokopchuk,Y"]
[Result "1-0"]
[WhiteElo "2439"]
[BlackElo "2331"]

1.e4 d5 2.exd5 Qxd5 3.Nc3 Qd6 4.d4 Nf6 5.Bg5 c6 6.Qd2 Bf5 7.O-O-O e6 8.Nf3 Be7
9.Ne5 O-O 10.f3 h6 11.Bf4 Nd5 12.Nxd5 Qxd5 13.Bc4 Qd8 14.g4 Bh7 15.Qe3 Kh8
16.Rhg1 b5 17.Bd3 Bxd3 18.Nxd3 Nd7 19.Bxh6 Bf6 20.g5 gxh6 21.gxf6 Qxf6 22.Ne5 Nxe5
23.dxe5 Qh4 24.Rg4 Qh5 25.Rdd4 c5 26.Rde4 f5 27.Rh4 f4 28.Rexf4 Qg5 29.Rxf8+ Kg7
30.Qxg5+  1-0

[Event "Gibraltar Open"]
[Site "Caleta ENG"]
[Date "2012.02.01"]
[Round "9.122"]
[White "Zaky,T"]
[Black "Rough,R"]
[Result "1-0"]
[WhiteElo "1882"]
[BlackElo "1762"]

1.e4 d5 2.exd5 Qxd5 3.Nc3 Qd6 4.d4 Nf6 5.Nge2 c6 6.Bf4 Qd8 7.Qd3 g6 8.Ng3 Bg7
9.O-O-O O-O 10.h4 h5 11.f3 Na6 12.Qd2 Nc7 13.Bh6 Be6 14.Bxg7 Kxg7 15.Nge4 Ncd5
16.Ng5 Bf5 17.Nce4 Nh7 18.g4 hxg4 19.Nxh7 Kxh7 20.h5 Rh8 21.hxg6+ Kg7 22.Rxh8 Qxh8
23.gxf7 Kxf7 24.Bg2 Qg7 25.c4 Nf6 26.Ng5+ Ke8 27.Rh1 Kd7 28.f4 e6 29.Qe3 Rc8
30.c5 Nd5 31.Bxd5 cxd5 32.Rh7 Bxh7 33.Qxe6+ Kd8 34.Nf7+ Qxf7 35.Qxf7  1-0

[Event "ch-TUR w 2012"]
[Site "Kemer TUR"]
[Date "2012.02.01"]
[Round "6"]
[White "Ulusoy,Nisan"]
[Black "Oney,Gulumser"]
[Result "0-1"]
[WhiteElo "1692"]
[BlackElo "1726"]

1.e4 d5 2.exd5 Qxd5 3.Nc3 Qd6 4.d4 Nf6 5.Bc4 a6 6.Nf3 Bg4 7.Bg5 Nc6 8.Be2 O-O-O
9.Be3 Bxf3 10.Bxf3 Nxd4 11.Bxd4 Qxd4 12.Qe2 Qb6 13.O-O e6 14.b4 c6 15.b5 axb5
16.a4 b4 17.Rfb1 Qa5 18.Nb5 cxb5 19.axb5 Qb6 20.Rd1 Rxd1+ 21.Qxd1 Kb8 22.c4 bxc3
23.Qa4 Kc7 24.Qa8 g6 25.Ra7 Nd5 26.Ra4 Qxb5 27.Bd1 Nb6 28.Qa5 Qxa5 29.Rxa5 Bb4
30.Ra7 Ra8  0-1

[Event "ch-TUR w 2012"]
[Site "Kemer TUR"]
[Date "2012.02.01"]
[Round "7"]
[White "Alev,G"]
[Black "Ayan,Bengu Sena"]
[Result "1/2-1/2"]
[WhiteElo "1617"]
[BlackElo "1398"]

1.e4 d5 2.exd5 Qxd5 3.Nc3 Qd6 4.Nf3 c6 5.d4 Bg4 6.Be2 Nd7 7.Be3 e6 8.a3 Ngf6
9.O-O Qc7 10.h3 Bh5 11.Nd2 Bg6 12.Bf3 Bd6 13.Re1 O-O 14.Nde4 Nxe4 15.Bxe4 Nf6
16.Bxg6 hxg6 17.Qf3 a6 18.Ne4 Nd5 19.Nxd6 Nxe3 20.Qxe3 Qxd6 21.Rad1 Rac8
22.Qb3 b5 23.Qe3  1/2-1/2

[Event "Moscow Open A 2012"]
[Site "Moscow RUS"]
[Date "2012.02.01"]
[Round "5"]
[White "Eliseev,U"]
[Black "Savchenko,B"]
[Result "1/2-1/2"]
[WhiteElo "2435"]
[BlackElo "2609"]

1.e4 d5 2.exd5 Qxd5 3.Nc3 Qd6 4.d4 Nf6 5.Bg5 a6 6.Qd2 b5 7.Bf4 Qd8 8.Nf3 e6
9.a4 b4 10.Nd1 Bb7 11.Ne3 Nbd7 12.Bc4 Nb6 13.Bb3 Bxf3 14.gxf3 Bd6 15.Bxd6 Qxd6
16.a5 Nbd7 17.d5 Nc5 18.dxe6 Qxd2+ 19.Kxd2 O-O-O+ 20.Ke2 fxe6 21.Bc4 Rd4
22.Rhg1 g6 23.Rg5 Nfd7 24.Rd1 Rxd1 25.Kxd1 Rd8 26.Ke2 Kb7 27.h4 Rf8 28.h5 gxh5
29.Rxh5 Rf4 30.b3 Kc6 31.Ng4 Rf7 32.Rh6 Kd6 33.c3 bxc3 34.b4 c2 35.Kd2 Rxf3
36.bxc5+ Nxc5 37.Kxc2 Rf4 38.Be2 Ra4 39.Ne3 Ra2+ 40.Kd1 Ra1+ 41.Kd2 Ne4+
42.Kd3 Nxf2+ 43.Kd2 Ne4+ 44.Kd3 Nf2+ 45.Kd2  1/2-1/2

[Event "17th HIT Open A"]
[Site "Nova Gorica SLO"]
[Date "2012.02.01"]
[Round "8"]
[White "Markocic,Tine"]
[Black "Hrescak,Ivana"]
[Result "1/2-1/2"]
[WhiteElo "1794"]
[BlackElo "1606"]

1.e4 d5 2.exd5 Qxd5 3.Nc3 Qd6 4.d4 Nf6 5.Nf3 c6 6.h3 Bf5 7.Be3 e6 8.Nh4 Bg6
9.Nxg6 hxg6 10.Bd3 Nbd7 11.Qf3 Qc7 12.O-O Nb6 13.Rfe1 Bd6 14.a3 O-O 15.Bg5 Be7
16.Bf4 Bd6 17.Be5 Bxe5 18.dxe5 Nfd5 19.Nxd5 Nxd5 20.c4 Nb6 21.b3 Nd7 22.Qe3 Qb6
23.Bc2 Qxe3 24.Rxe3 Rfd8 25.Rd1 Nb6 26.Red3 Rxd3 27.Rxd3 Kf8 28.f4 Ke8 29.Kf2 Rd8
30.Ke3 Rxd3+ 31.Bxd3 Nd7 32.Kd4 Ke7 33.b4 Kd8 34.a4 Nb6 35.a5 Nd7 36.c5  1/2-1/2